| 000 | 01214nam a22003377a 4500 | ||
|---|---|---|---|
| 003 | CHAP | ||
| 005 | 20220817042154.0 | ||
| 008 | 971013s1963 r 00010 d | ||
| 010 | _a36680 | ||
| 011 | _a37652 | ||
| 035 | _a41772 | ||
| 040 | _cCHAP | ||
| 090 | _aFolleto 1577 | ||
| 110 |
_aMéxico. Dirección General de Conservación del Suelo y Agua _976965 |
||
| 245 | _aProtección de la cuenca hidrográfica del Río Santiaguito, Méx., con base en la técnica de conservación del suelo y del agua | ||
| 260 |
_aMéxico, D.F. : _bLa Dirección, _c1963 |
||
| 300 |
_a38 p. _b: ilus |
||
| 490 | _aBoletín de divulgación | ||
| 590 |
_aBATCH-UPD _b10 _c20130110 _lUCH01 _h1353 |
||
| 590 |
_aBATCH-UPD _b10 _c20130410 _lUCH01 _h0848 |
||
| 590 |
_aBATCH-UPD _b10 _c20130914 _lUCH01 _h0652 |
||
| 590 |
_aCONVERSION _b10 _c20130109 _lUCH01 _h1321 |
||
| 650 | 1 | 4 |
_aAgua _xConservacion _xMexico (Edo.) _92331 |
| 650 | 1 | 4 |
_aRío Santiaguito, Méx. _999147 |
| 650 | 1 | 4 |
_aSuelos _xConservación _xMéxico (Edo.) _9110307 |
| 830 | 0 | _aBoletín de divulgación | |
| 901 | _aBK | ||
| 942 | _cFOLL | ||
| 949 |
_aFolleto 1577 _bBC _cFOLL _d-96019 _eTS1 _i41772 _si |
||
| 949 |
_aFolleto 1577 _bBC _cFOLL _d-96020 _eTS2 _fc.2 _i41772 _si |
||
| 999 |
_c36680 _d36680 |
||